5HLuxD.jpg

KING HENRY VIII SENIOR AND PRIMARY SCHOOL LIBRARY OPAC

The cruel prince / (Record no. 1008)

000 -LEADER
fixed length control field 01945cam a2200385Ki 4500
001 - CONTROL NUMBER
control field 7897159
003 - CONTROL NUMBER IDENTIFIER
control field OSt
005 - DATE AND TIME OF LATEST TRANSACTION
control field 20200312160209.0
008 - FIXED-LENGTH DATA ELEMENTS--GENERAL INFORMATION
fixed length control field 190115t20182018enkb d 000 1 eng d
010 ## - LIBRARY OF CONGRESS CONTROL NUMBER
LC control number be2019003367
020 ## - INTERNATIONAL STANDARD BOOK NUMBER
International Standard Book Number 9781471407277
Qualifying information paperback
035 ## - SYSTEM CONTROL NUMBER
System control number (OCoLC)1086580688
040 ## - CATALOGING SOURCE
Original cataloging agency SALS
Language of cataloging eng
Description conventions rda
Transcribing agency SALS
Modifying agency NJB
-- ANL
082 04 - DEWEY DECIMAL CLASSIFICATION NUMBER
Classification number FIC BLA
Edition number 23
100 1# - MAIN ENTRY--PERSONAL NAME
Personal name Black, Holly,
Relator term author.
245 14 - TITLE STATEMENT
Title The cruel prince /
Statement of responsibility, etc. Holly Black.
250 ## - EDITION STATEMENT
Edition statement Paperback edition.
264 #1 - PRODUCTION, PUBLICATION, DISTRIBUTION, MANUFACTURE, AND COPYRIGHT NOTICE
Place of production, publication, distribution, manufacture London :
Name of producer, publisher, distributor, manufacturer Hot Key Books,
Date of production, publication, distribution, manufacture, or copyright notice 2018.
264 #4 - PRODUCTION, PUBLICATION, DISTRIBUTION, MANUFACTURE, AND COPYRIGHT NOTICE
Date of production, publication, distribution, manufacture, or copyright notice 2018.
300 ## - PHYSICAL DESCRIPTION
Extent 370 pages :
Other physical details map ;
Dimensions 20 cm.
336 ## - CONTENT TYPE
Content type term text
Content type code txt
Source rdacontent
337 ## - MEDIA TYPE
Media type term unmediated
Media type code n
Source rdamedia
338 ## - CARRIER TYPE
Carrier type term volume
Carrier type code nc
Source rdacarrier
440 ## - SERIES STATEMENT/ADDED ENTRY--TITLE
Title The folk of the air ;
Number of part/section of a work Book 1.
520 ## - SUMMARY, ETC.
Summary, etc. Of course I want to be like them. They're beautiful as blades forged in some divine fire. They will live forever ... And Cardan is even more beautiful than the rest. I hate him more than all the others. I hate him so much that sometimes when I look at him, I can hardly breathe. One terrible morning, Jude and her sisters see their parents murdered in front of them. The terrifying assassin abducts all three girls to the world of Faerie, where Jude is installed in the royal court but mocked and tormented by the Faerie royalty for being mortal. As Jude grows older, she realises that she will need to take part in the dangerous deceptions of the fey to ever truly belong. But the stairway to power is fraught with shadows and betrayal. And looming over all is the infuriating, arrogant and charismatic Prince Cardan ...
521 ## - TARGET AUDIENCE NOTE
Target audience note Adolescent.
650 #0 - SUBJECT ADDED ENTRY--TOPICAL TERM
Topical term or geographic name entry element Fairies
Form subdivision Juvenile fiction.
650 #0 - SUBJECT ADDED ENTRY--TOPICAL TERM
Topical term or geographic name entry element Sisters
Form subdivision Juvenile fiction.
650 #0 - SUBJECT ADDED ENTRY--TOPICAL TERM
Topical term or geographic name entry element Orphans
Form subdivision Juvenile fiction.
650 #0 - SUBJECT ADDED ENTRY--TOPICAL TERM
Topical term or geographic name entry element Princes
Form subdivision Juvenile fiction.
650 #0 - SUBJECT ADDED ENTRY--TOPICAL TERM
Topical term or geographic name entry element Courts and courtiers
Form subdivision Juvenile fiction.
655 #7 - INDEX TERM--GENRE/FORM
Genre/form data or focus term Fantasy fiction.
Source of term lcgft
655 #0 - INDEX TERM--GENRE/FORM
Genre/form data or focus term Young adult fiction
942 ## - ADDED ENTRY ELEMENTS (KOHA)
Source of classification or shelving scheme
Koha item type Books - Fiction
Holdings
Withdrawn status Lost status Source of classification or shelving scheme Damaged status Not for loan Collection code Permanent Location Current Location Shelving location Date acquired Total Checkouts Total Renewals Full call number Barcode Date due Date last seen Date last checked out Price effective from Koha item type
          Fiction KH8 Senior School Library KH8 Senior School Library Fiction 2020-03-12 1 1 FIC BLA 3KHSL000101751 2020-10-02 2020-09-04 2020-09-04 2020-03-12 Books - Fiction
          Fiction KH8 Senior School Library KH8 Senior School Library Fiction 2026-01-26 2   FIC BLA 3KHSL000102571 2026-03-25 2026-03-09 2026-03-09 2026-01-26 Books - Fiction

Powered By KH8 IT Dept